|
|
|
|
| LEADER |
00663nam a22002057a 4500 |
| 003 |
OSt |
| 020 |
|
|
|a 0824792939
|
| 082 |
|
|
|a 631.432
|b IWA/SO
|
| 100 |
|
|
|a Iwata Shingo
|
| 245 |
|
|
|a Soil-water interactions:
|b mechanisms and applications
|
| 250 |
|
|
|a 2nd ed. revised and expanded
|
| 260 |
|
|
|a New York
|b Marcel Dekker
|c 1995
|
| 300 |
|
|
|a vi, 439 Pages
|
| 650 |
|
|
|a Soil moisture
|
| 650 |
|
|
|a Soil physics
|
| 700 |
|
|
|a Tabuchi Toshio
|
| 700 |
|
|
|a Warkentin Benno P
|
| 942 |
|
|
|2 ddc
|c REF
|
| 999 |
|
|
|c 142173
|d 142173
|
| 952 |
|
|
|0 0
|1 0
|2 ddc
|4 0
|6 631_432000000000000_IWASO
|7 1
|9 141148
|a KAUCLV
|b KAUCLV
|c REF
|d 2015-12-08
|g 5995.00
|o 631.432 IWA/SO
|p 224979
|r 2015-12-08
|w 2015-12-08
|y REF
|